| 000 | 00842cam a2200229 a 4500 | ||
|---|---|---|---|
| 001 | 000026118 | ||
| 005 | 20200930024322.0 | ||
| 008 | 810327s1969 ag a 000 p spa d | ||
| 040 |
_aDO-SdBNP _bspa _cBNPHU |
||
| 041 |
_aspa _hpor _2Código de idioma MARC |
||
| 082 |
_axxx _bC837b |
||
| 240 | 0 |
_aTeacher's encyclopedia _lEspañol |
|
| 245 | 1 | 3 |
_aLa salud y el arte en la escuela / _cRobert O. Yoho ... [et al.] ; versión castella Carlos Anibal Leal. |
| 260 |
_aBuenos Aires : _bCentro Regional de Ayuda Técnica : _bAgencia para el Desarrollo Internacional , _c1969. |
||
| 300 |
_a150 p. : _bil. ; _c19 cm. |
||
| 534 |
_aTítulo original : _aTeacher's encyclopedia |
||
| 500 | _aBibliografía : p. 147-150 | ||
| 700 | 1 |
_aYoho, Robert O. , _953072 |
|
| 700 | 1 |
_aHurwitz, Albert, _953073 |
|
| 700 | 1 |
_aLandis , Beth, _953074 |
|
| 049 | _aBNGR | ||
| 999 |
_c25610 _d25610 |
||